Gynaecological cytology : (Record no. 5364)

000 -LEADER
fixed length control field 00912nam a220027701 4500
001 - CONTROL NUMBER
control field ocn824633984
003 - CONTROL NUMBER IDENTIFIER
control field ALUPE UNIVERSITY
005 - DATE AND TIME OF LATEST TRANSACTION
control field 20220412134133.0
008 - FIXED-LENGTH DATA ELEMENTS--GENERAL INFORMATION
fixed length control field 000000u19800000xxku 033 uuengur
020 ## - INTERNATIONAL STANDARD BOOK NUMBER
International Standard Book Number 0333261178
035 ## - SYSTEM CONTROL NUMBER
System control number (OCoLC)824633984
Canceled/invalid control number (OCoLC)984479111
-- (OCoLC)993353067
040 ## - CATALOGING SOURCE
Transcribing agency ALUPE UNIVERSITY
050 ## - LIBRARY OF CONGRESS CALL NUMBER
Classification number RG107.5
Item number .C1 B66 1980
090 0# - LOCALLY ASSIGNED LC-TYPE CALL NUMBER (OCLC); LOCAL CALL NUMBER (RLIN)
Classification number (OCLC) (R) ; Classification number, CALL (RLIN) (NR) RG107.5 .C9B6 1980
100 1# - MAIN ENTRY--PERSONAL NAME
Personal name Boon, Mathilde E.,
Dates associated with a name 1941-
245 10 - TITLE STATEMENT
Title Gynaecological cytology :
Remainder of title a textbook and atlas /
Statement of responsibility, etc. Mathilde E. Boon and Mette Lise Tabbers-Boumeester.
260 ## - PUBLICATION, DISTRIBUTION, ETC.
Place of publication, distribution, etc. London :
Name of publisher, distributor, etc. Macmillan,
Date of publication, distribution, etc. c1980.
300 ## - PHYSICAL DESCRIPTION
Extent [vi], 192, 67 p. :
Other physical details ill. ;
Dimensions 26 cm.
500 ## - GENERAL NOTE
General note Includes bibliographies and index.
650 #0 - SUBJECT ADDED ENTRY--TOPICAL TERM
Topical term or geographic name entry element Cytodiagnosis.
650 #0 - SUBJECT ADDED ENTRY--TOPICAL TERM
Topical term or geographic name entry element Generative organs, Female
General subdivision Diseases
-- Diagnosis.
700 1# - ADDED ENTRY--PERSONAL NAME
Personal name Tabbers-Boumeester, M. L.
907 ## - LOCAL DATA ELEMENT G, LDG (RLIN)
a .b13336174
942 ## - ADDED ENTRY ELEMENTS (KOHA)
Source of classification or shelving scheme
Koha item type Book
Suppress in OPAC JO
Holdings
Withdrawn status Lost status Source of classification or shelving scheme Damaged status Not for loan Permanent Location Current Location Shelving location Date acquired Source of acquisition Total Checkouts Full call number Barcode Date last seen Price effective from Koha item type Public note
          AU LIBRARY AU LIBRARY Open Shelf 08.04.2022 DONATION FROM MOI UNIVERSITY   RG107.5 .C1 B66 1980 28007560 08.04.2022 08.04.2022 Book JO

Powered by Koha